NAME THE SOCCER PLAYER? #1 - Statistics

General Stats
  • This quiz has been taken 122 times
  • The average score is 19 of 21
Answer Stats
Picture Answer % Correct
Cristiano Ronaldo
99%
Lionel Messi
99%
Neymar
99%
Kylian Mbappe
97%
Harry Kane
96%
Mohamed Salah
96%
Zlatan Ibrahimović
95%
Kevin De Bruyne
94%
Luis Suárez
92%
Paul Pogba
92%
Virgil van Dijk
92%
Erling Haaland
91%
Robert Lewandowski
89%
Sadio Mané
87%
Thomas Müller
87%
Bruno Fernandes
83%
Romelu Lukaku
83%
Bernardo Silva
79%
Jamie Vardy
78%
Riyad Mahrez
77%
Jan Oblak
74%
No matching quizzes found
Score Distribution
Percent of People with Each Score
Percentile by Number Answered
Your Score History
You have not taken this quiz